000 00758nam a2200289Ia 4500
001 Z_3571
003 CHAP
008 220113s1980 xx 000 0 und d
010 _a166657
040 _cCHAP
090 _aFolleto 410
100 1 _aMartínez Hernández, Pedro Arturo
_972165
245 _aCalidad de praderas y forrajes /
_cpor Pedro Arturo Martínez Hernández
260 _aChapingo, Méx. :
_bUACH. Departamento de Zootecnia,
_c1980
300 _a39 h.
440 _a
500 _aApuntes de la cátedra de forrajes
503 _a
650 _aForrajes
_xCalidad
_9140771
650 _aPraderas
_xCalidad
_9140772
901 _aFolleto 410
902 _aA
910 _a1980
942 _cc14
942 _cc14
999 _c166657
_d166657